C++ FAQs : (Record no. 12618)

MARC details
000 -LEADER
fixed length control field 00749nam a2200253 a 4500
001 - CONTROL NUMBER
control field 00004357
008 - FIXED-LENGTH DATA ELEMENTS--GENERAL INFORMATION
fixed length control field 110328s1995 a g 000 0 eng d
020 ## - INTERNATIONAL STANDARD BOOK NUMBER
ISBN 0201455617 :
Terms of availability Tk.260.00
040 ## - CATALOGING SOURCE
Original cataloging agency BD-DhIUB
Transcribing agency BD-DhIUB
082 04 - DEWEY DECIMAL CLASSIFICATION NUMBER
Classification number 005.369
Edition number 19
100 1# - MAIN ENTRY--PERSONAL NAME
Personal name Cline, Marshall P.
245 00 - TITLE STATEMENT
Title C++ FAQs :
Remainder of title frequently asked questions /
Statement of responsibility, etc Marshall P. Cline, Greg A. Lomow
250 ## - EDITION STATEMENT
Edition statement 1st ed.
260 ## - PUBLICATION, DISTRIBUTION, ETC. (IMPRINT)
Place of publication, distribution, etc Reading, Mass. :
Name of publisher, distributor, etc Addison-Wesley,
Date of publication, distribution, etc 1995.
300 ## - PHYSICAL DESCRIPTION
Extent xxvii, 461 p. :
Other physical details ill. ;
Dimensions 23 cm.
520 0# - SUMMARY, ETC.
Summary, etc Computer Science
556 ## - INFORMATION ABOUT DOCUMENTATION NOTE
Information about documentation note 1998-12-01
526 ## - STUDY PROGRAM INFORMATION NOTE
Department Software Engineering
650 17 - SUBJECT ADDED ENTRY--TOPICAL TERM
Topical term or geographic name as entry element Programming languages
Source of heading or term Spines
653 00 - INDEX TERM--UNCONTROLLED
Uncontrolled term C Programming language
653 00 - INDEX TERM--UNCONTROLLED
Uncontrolled term FAQ
700 1# - ADDED ENTRY--PERSONAL NAME
Personal name Lomow, Greg A.
Holdings
Withdrawn status Lost status Source of classification or shelving scheme Damaged status Not for loan Home library Current library Shelving location Date acquired Source of acquisition Cost, normal purchase price Full call number Barcode Date last seen Copy number Price effective from Koha item type
Withdrawn by 65th FC Meeting (2015) LOST Dewey Decimal Classification     Library, Independent University, Bangladesh (IUB) Library, Independent University, Bangladesh (IUB) General Stacks 30/11/1998 Purchase 0.00 005.369 C641c 007316 18/05/2011 1 30/11/1998 Books